Špecifiká účtovníctva a daňovej evidencie účtovnej jednotky, ktorej predmetom činnosti je lekáreň bakalárska práca

Na minha lista:
Detalhes bibliográficos
Autor principal: Smolková, Bronislava
Autor Corporativo: Fakulta hospodárskej informatiky EU. Katedra účtovníctva a audítorstva
Outros Autores: Užík, Ján, 1969-
Formato: Livro
Idioma:eslovaco
Publicado em: Bratislava 2023
Tags: Adicionar Tag
Sem tags, seja o primeiro a adicionar uma tag!

MARC

LEADER 00000nbm a2200000 4500
001 0294963
005 20240209085027.6
041 0 |a slo 
044 |a SK 
245 1 0 |a Špecifiká účtovníctva a daňovej evidencie účtovnej jednotky, ktorej predmetom činnosti je lekáreň  |b bakalárska práca  |c Bronislava Smolková ; školiteľ: Ján Užík 
264 1 |a Bratislava  |c 2023 
300 |a 55 s. 
100 1 |a Smolková, Bronislava 
700 1 |a Užík, Ján, 1969- 
710 2 |a Fakulta hospodárskej informatiky EU. Katedra účtovníctva a audítorstva